00509nam a2200169Ia 4500003000900000008004100009020001800050040001600068080001500084100002200099245008100121260004200202300001600244650003000260650001900290650003000309IN-BaIIA211028s9999 xx 000 0 eng d a0-87027-168-7 cIIA Library a92:52bWIL aWillard, Berton C 0aRussell W Porterbarctic explorer, artist, telescope makercBerton C Willard aFreeportbThe Bond Wheel Wrightc1976 axiii, 274p. aBiography-Russel W Porter aNASA Thesaurus aRussel W Porter-Biography